000 00371nam a22001097a 4500
082 _a920/AJN
100 _aअज्ञेय
245 _aशेखर एक जीवनी पहला भाग -उत्‍थान
260 _aनई दिल्‍ली
_bराजकमल पेपरबैक्‍स
_c2025
650 _aजीवनी
942 _cHIN
999 _c68370
_d68370